[Event "64th ch-RUS HL w 2014"]
[Site "Vladivostok RUS"]
[Date "2014.06.11"]
[Round "7.7"]
[White "Bodnaruk,A"]
[Black "Nasybullina,Alfia"]
[Result "1/2-1/2"]
[WhiteElo "2434"]
[BlackElo "2095"]
[EventDate "2014.06.04"]

1. e4 e6 2. d4 d5 3. Nc3 Bb4 4. e5 c5 5. a3 Ba5 6. b4 cxd4 7. Nb5 Bc7 8. f4 Ne7
9. Nf3 Nf5 10. Bd3 Nc6 11. Nxc7+ Qxc7 12. O-O O-O 13. Qe1 Qd8 14. b5 Na5 15. g4
Nh6 16. Qg3 Nc4 17. Qh3 Ne3 18. Bxe3 dxe3 19. Ng5 f5 20. exf6 Qxf6 21. Bxh7+ Kh8
22. Bd3 Bd7 23. Rae1 Qd4 24. Nf3 Qxf4 25. Nh4 Qxg4+ 26. Qxg4 Rxf1+ 27. Rxf1 Nxg4
28. Ng6+ Kg8 29. Ne7+ Kh8 30. Ng6+ Kg8 31. Rf4 e5 32. Ne7+ Kh8 33. Ng6+ Kg8 34.
Ne7+ Kh8 35. Rf1 e4 36. Be2 Nf6 37. Rf4 Re8 38. Rh4+ Nh7 39. Nxd5 Re5 40. Nf4
Be8 41. Ng2 g5 42. Rh6 Kg7 43. Rd6 Bxb5 44. c4 Bc6 45. Nxe3 Nf6 46. Kf2 Kf7 47.
Rd1 Ra5 48. Ra1 Ke6 49. Nc2 Ke5 50. Ke3 Kd6 51. Rf1 Ke7 52. Kd4 g4 53. Rf4 Rh5
54. Rf2 Rh8 55. Ne3 Bd7 56. Bf1 Be6 57. Rb2 b6 58. Rf2 Rh5 59. Kc3 Nd7 60. Kd4
Nf6 61. Kc3 Nd7 62. Kd4 Nf6 1/2-1/2

[Event "64th ch-RUS HL w 2014"]
[Site "Vladivostok RUS"]
[Date "2014.06.11"]
[Round "7.8"]
[White "Schepetkova,M"]
[Black "Travkina,A"]
[Result "1/2-1/2"]
[WhiteElo "2294"]
[BlackElo "2191"]
[EventDate "2014.06.04"]

1. d4 Nf6 2. c4 e6 3. Nc3 Bb4 4. e3 O-O 5. Ne2 b6 6. a3 Be7 7. Ng3 Bb7 8. e4 d6
9. Bd3 Nbd7 10. O-O e5 11. d5 Nc5 12. Bc2 a5 13. Be3 Ne8 14. Qd2 g6 15. b4 Nd7
16. Ba4 Ng7 17. Bc6 Qc8 18. Bh6 Nf6 19. f3 Nd7 20. Qc2 Nb8 21. Bxb7 Qxb7 22.
Rfb1 Nd7 23. Nge2 Rfd8 24. Nc1 Ra6 25. Nb3 axb4 26. axb4 Rda8 27. Qb2 Ne8 28.
Be3 Nb8 29. Rxa6 Rxa6 30. Ra1 Qa8 31. Ra2 Kg7 32. Nc1 Nf6 33. Nd3 Nfd7 34. Rxa6
Nxa6 35. Qa3 Qb7 36. Qa4 Nab8 37. Nb5 f5 38. Qa7 Qxa7 39. Nxa7 Nf6 40. Nf2 Kf7
41. Kf1 f4 42. Bc1 g5 43. Nd3 g4 44. Ba3 h5 45. c5 bxc5 46. bxc5 Nfd7 47. cxd6
Bxd6 48. Bxd6 cxd6 49. Nc8 Na6 50. Nxd6+ Kf6 51. g3 Nac5 52. Nxc5 Nxc5 53. Ke2
Nb3 54. Nb5 gxf3+ 55. Kxf3 Nd2+ 56. Kg2 Nxe4 57. gxf4 exf4 58. Kf3 Ke5 59. d6
Nxd6 60. Nxd6 1/2-1/2

[Event "64th ch-RUS HL w 2014"]
[Site "Vladivostok RUS"]
[Date "2014.06.11"]
[Round "7.9"]
[White "Dogodkina,J"]
[Black "Matveeva,O"]
[Result "1-0"]
[WhiteElo "2183"]
[BlackElo "2223"]
[EventDate "2014.06.04"]

1. e4 e5 2. Nf3 Nc6 3. Bb5 g6 4. d4 exd4 5. c3 a6 6. Bxc6 dxc6 7. cxd4 Bg7 8. h3
Nf6 9. Nc3 O-O 10. O-O Re8 11. Re1 Be6 12. Bf4 a5 13. a4 Bc4 14. Ne5 Ba6 15. Qf3
Qxd4 16. Nxf7 Re7 17. Rad1 Qb4 18. Nh6+ Bxh6 19. Bxh6 Rf7 20. e5 Nd5 21. Nxd5
cxd5 22. Qxd5 Qh4 23. e6 Qxf2+ 24. Kh1 Re7 25. Qd8+ Re8 26. Qxc7 Qf6 27. Rd7
Rec8 28. e7 Re8 29. Qc5 Qf7 30. Qe5 Rac8 31. Rd6 Bc4 32. Rf6 Qd5 33. Rf8+ 1-0

[Event "64th ch-RUS HL w 2014"]
[Site "Vladivostok RUS"]
[Date "2014.06.11"]
[Round "7.10"]
[White "Belenkaya,D"]
[Black "Zaiatz,E"]
[Result "0-1"]
[WhiteElo "2235"]
[BlackElo "2408"]
[EventDate "2014.06.04"]

1. e4 e5 2. Nf3 Nc6 3. Bb5 a6 4. Ba4 Nf6 5. d4 exd4 6. O-O Be7 7. e5 Ne4 8. Re1
Nc5 9. Bxc6 dxc6 10. Nxd4 O-O 11. Nc3 Re8 12. Be3 Bf8 13. Qh5 g6 14. Qg5 Qxg5
15. Bxg5 Bg7 16. f4 a5 17. Rad1 Bg4 18. Rc1 h6 19. Bh4 g5 20. h3 Bd7 21. Bg3 f6
22. fxg5 fxe5 23. Nb3 Nxb3 24. cxb3 hxg5 25. Ne4 g4 26. Nc5 Bc8 27. h4 a4 28. b4
a3 29. b3 e4 30. Nxe4 Bf5 31. Ng5 Bb2 32. Rcd1 Bc2 33. Rd7 Rxe1+ 34. Bxe1 Bxb3
35. h5 Bxa2 36. h6 Bb1 37. h7+ Bxh7 38. Rxh7 a2 0-1

[Event "64th ch-RUS HL w 2014"]
[Site "Vladivostok RUS"]
[Date "2014.06.11"]
[Round "7.11"]
[White "Vasilevich,I"]
[Black "Averchenko,Ekaterina"]
[Result "1-0"]
[WhiteElo "2338"]
[BlackElo "2199"]
[EventDate "2014.06.04"]

1. c4 e5 2. g3 Nf6 3. Nc3 c6 4. Nf3 e4 5. Nd4 Qb6 6. Nb3 a5 7. d3 a4 8. Nd2 e3
9. fxe3 Ng4 10. Nf3 a3 11. Qb3 Qxb3 12. axb3 axb2 13. Bxb2 Rxa1+ 14. Bxa1 Nxe3
15. Bh3 Nc2+ 16. Kd2 Nxa1 17. Rxa1 Na6 18. d4 Bb4 19. Ne5 O-O 20. Nd3 Be7 21. d5
f5 22. Bg2 Nc5 23. Nxc5 Bxc5 24. Kd3 Bb4 25. Ra8 Bxc3 26. Kxc3 Kf7 27. c5 Re8
28. Bf3 Kf6 29. d6 g5 30. h3 Kg6 31. g4 f4 32. Kb4 Kf6 33. Ka5 Ke5 34. Kb6 Kd4
35. Kc7 Kxc5 36. Rxc8 Rxc8+ 37. Kxc8 Kxd6 38. Kxb7 Kc5 39. Kc7 d5 40. Kd7 Kb5
41. Kd6 Kb4 42. Kxc6 Kxb3 43. Kxd5 Kc3 44. Ke5 Kd2 45. Ke4 1-0

[Event "64th ch-RUS HL w 2014"]
[Site "Vladivostok RUS"]
[Date "2014.06.11"]
[Round "7.12"]
[White "Ambartsumova,K"]
[Black "Chkhan,V"]
[Result "1-0"]
[WhiteElo "2331"]
[BlackElo "2050"]
[EventDate "2014.06.04"]

1. e4 e6 2. d4 d5 3. Nc3 Nf6 4. e5 Nfd7 5. Nce2 c5 6. c3 Nc6 7. Nf3 Qc7 8. a3
Be7 9. Nf4 c4 10. h4 Nb6 11. Ng5 Bxg5 12. hxg5 Bd7 13. g6 fxg6 14. Nxg6 Rg8 15.
Rxh7 O-O-O 16. Bg5 Rde8 17. Be2 Kb8 18. Bh5 Nc8 19. b4 cxb3 20. Qxb3 Na5 21. Qb4
Nc6 22. Qb2 Na5 23. a4 Nc4 24. Qb3 a6 25. Be2 Na7 26. Bxc4 dxc4 27. Qb4 Bc6 28.
f3 Qf7 29. Ne7 Rh8 30. Rxh8 Rxh8 31. Kf2 Qh5 32. Rb1 Qe8 33. Qd6+ Ka8 34. Qxe6
Nc8 35. Qxc8+ Qxc8 36. Nxc8 Rxc8 37. a5 1-0

[Event "64th ch-RUS HL w 2014"]
[Site "Vladivostok RUS"]
[Date "2014.06.11"]
[Round "7.13"]
[White "Mikhailova,L"]
[Black "Dordzhieva,D"]
[Result "0-1"]
[WhiteElo "2049"]
[BlackElo "2237"]
[EventDate "2014.06.04"]

1. e4 c5 2. Nc3 Nc6 3. g3 g6 4. Bg2 Bg7 5. d3 d6 6. Be3 e6 7. Qd2 Nd4 8. Nge2
Ne7 9. h4 h5 10. O-O Rb8 11. Nd1 Nxe2+ 12. Qxe2 O-O 13. Qd2 Kh7 14. d4 b6 15.
Nc3 Nc6 16. Ne2 Ba6 17. d5 exd5 18. exd5 Ne5 19. b3 Ng4 20. Bg5 Qd7 21. Rad1
Rfe8 22. Rfe1 Qf5 23. Bf4 Qf6 24. Nc1 Qd4 25. c3 Qxc3 26. Qxc3 Bxc3 27. Rxe8
Rxe8 28. Bxd6 Bd4 29. Bc7 Bxf2+ 30. Kh1 Bd4 31. d6 Nf2+ 32. Kh2 Nxd1 33. d7 Re1
34. Bf1 Rxf1 35. d8=Q Rf2+ 36. Kg1 Rd2+ 0-1

[Event "64th ch-RUS HL w 2014"]
[Site "Vladivostok RUS"]
[Date "2014.06.11"]
[Round "7.14"]
[White "Khlichkova,T"]
[Black "Grigorian,Mar"]
[Result "1-0"]
[WhiteElo "2249"]
[BlackElo "2114"]
[EventDate "2014.06.04"]

1. d4 d6 2. Bg5 h6 3. Bh4 Nd7 4. Nc3 Ngf6 5. e4 e5 6. Bc4 Be7 7. Bg3 O-O 8. Nf3
Nh5 9. dxe5 Nxg3 10. hxg3 Nxe5 11. Nxe5 dxe5 12. Qxd8 Rxd8 13. Nd5 Bd6 14. Ne3
Bc5 15. Ke2 Kf8 16. f3 Bxe3 17. Kxe3 Ke7 18. f4 Be6 19. Bd3 exf4+ 20. gxf4 c5
21. f5 Bd7 22. Raf1 Kf6 23. Rh5 Re8 24. c3 Bc6 25. Rh4 Rad8 26. Bc2 Rd7 27. Rf2
Rdd8 28. Kf4 Rd7 29. Rh1 Re5 30. g4 Rd8 31. Rg1 Rd7 32. Rfg2 Rd8 33. Bb1 Rd7 34.
b3 Re8 35. g5+ hxg5+ 36. Rxg5 Rde7 37. Rxg7 Bxe4 38. Rh7 Bxf5 39. Bxf5 Re2 40.
Rh6+ Ke7 41. Kf3 1-0

[Event "64th ch-RUS HL w 2014"]
[Site "Vladivostok RUS"]
[Date "2014.06.11"]
[Round "7.15"]
[White "Shaydullina,S"]
[Black "Kostitsina,L"]
[Result "1-0"]
[WhiteElo "2135"]
[BlackElo "2101"]
[EventDate "2014.06.04"]

1. d4 Nf6 2. Nf3 c5 3. d5 e6 4. Nc3 exd5 5. Nxd5 Nxd5 6. Qxd5 Nc6 7. e4 Nb4 8.
Qe5+ Qe7 9. Qxe7+ Bxe7 10. Kd1 d5 11. Bb5+ Kf8 12. a3 dxe4 13. Nd2 e3 14. fxe3
Bg4+ 15. Nf3 Rd8+ 16. Bd2 Nd5 17. Ke2 Bf6 18. Rab1 g6 19. h3 Be6 20. Kf2 Kg7 21.
e4 Nc7 22. Be2 Rhe8 23. Bf4 Rd7 24. Rhd1 Red8 25. Rxd7 Rxd7 26. Be3 b6 27. g4
Ba2 28. Ra1 Be6 29. c3 h6 30. a4 a5 31. Nd2 Re7 32. Bf4 Bh4+ 33. Kf3 Bc8 34. Bd6
Rd7 35. Nc4 Ne6 36. e5 Bb7+ 37. Ke3 Bg5+ 38. Kf2 Bd8 39. Rd1 Bc6 40. Ra1 Ng5 41.
Bf1 Bd5 42. Rd1 Bc6 43. Ra1 Bd5 44. Nd2 f6 45. Bb5 Rb7 46. Re1 Nxh3+ 47. Kg3 Ng5
48. c4 Be6 49. Bc6 Ra7 50. Bb8 Rf7 51. exf6+ Bxf6 52. Bf4 Bd4 53. Re2 Rf6 54.
Bd5 Bf7 55. Nb3 Nh3 56. Bc7 Bxd5 57. cxd5 Rf7 58. Nxd4 Ng1 59. Ne6+ Kh7 60. Rf2 1-0

[Event "64th ch-RUS HL w 2014"]
[Site "Vladivostok RUS"]
[Date "2014.06.11"]
[Round "7.16"]
[White "Khokhlova,Daria"]
[Black "Maltsevskaya,Aleksandra"]
[Result "0-1"]
[WhiteElo "2020"]
[BlackElo "2014"]
[EventDate "2014.06.04"]

1. Nf3 d5 2. g3 c5 3. Bg2 Nc6 4. d4 e6 5. O-O Nf6 6. b3 Bd6 7. Bb2 O-O 8. Nbd2
b6 9. e3 Bb7 10. c4 Rc8 11. a3 Ba6 12. dxc5 bxc5 13. Qc2 h6 14. Rfd1 Qe7 15. e4
d4 16. Ne1 e5 17. Nd3 Bb7 18. h3 a5 19. a4 Nd8 20. Re1 Bb8 21. Nf1 Ne6 22. Bc1
Ng5 23. Bxg5 hxg5 24. Qd2 Nh7 25. Qxa5 f5 26. f3 g4 27. hxg4 fxe4 28. fxe4 Ng5
29. Nh2 Rf6 30. Qd2 Rh6 31. Nf2 Rf8 32. Rf1 Rh8 33. Rae1 Qf6 34. Nh3 Nxh3+ 35.
Bxh3 Qg6 36. Rxf8+ Kxf8 37. Bg2 Bc7 38. Rf1+ Kg8 39. Re1 Bd8 40. Qe2 Bg5 41. Nf1
Qb6 42. Qf3 Bc8 43. Re2 Rh6 44. Rf2 Rf6 45. Qd1 Qb4 46. Rxf6 gxf6 47. Bf3 Bb7
48. Qd3 Qc3 49. Be2 Qe1 50. Kg2 Kg7 51. Bf3 Kh6 52. Kh3 Qf2 53. Nh2 Be3 54. Bg2
Bg5 55. Nf3 Qe3 56. Qxe3 dxe3 57. Ng1 Kg7 58. Bf3 Kf8 59. Kg2 Ke7 60. Kf1 Kd8
61. Ke2 Kc7 62. Kd3 Kb6 63. Ne2 Ka5 64. Kc3 Bh6 65. Nc1 Ba8 66. Nd3 Kb6 67. Ne1
Ka5 68. Nc2 Bb7 69. Kd3 Ba8 70. Kc3 Bb7 71. Ne1 Ba8 72. Nd3 Kb6 73. a5+ Kc6 74.
b4 cxb4+ 75. Kxb4 Bb7 76. Kc3 Kc7 77. Nb4 Bf8 78. Nc2 Bc5 79. Kd3 Ba6 80. Be2
Kc6 81. Kc3 Kc7 82. Ne1 Kc6 83. Nf3 Kd6 84. g5 fxg5 85. Nxg5 Bb7 86. Bf3 Ke7 87.
Nh3 Bd4+ 88. Kd3 Kd6 89. Ng1 Kc5 90. Ne2 Ba6 91. Nxd4 exd4 92. e5 Bxc4+ 93. Kc2
Kb4 94. a6 d3+ 95. Kc1 Kc3 96. a7 e2 0-1

[Event "64th ch-RUS HL w 2014"]
[Site "Vladivostok RUS"]
[Date "2014.06.11"]
[Round "7.17"]
[White "Solovyova,Anastasia"]
[Black "Landina,N"]
[Result "0-1"]
[WhiteElo "1878"]
[BlackElo "1937"]
[EventDate "2014.06.04"]

1. d4 d5 2. c4 c6 3. Nf3 g6 4. g3 Bg7 5. Bg2 e6 6. Qc2 Ne7 7. O-O O-O 8. Bf4 Nf5
9. Rd1 Nd7 10. cxd5 exd5 11. Nc3 Nf6 12. h3 Re8 13. g4 Nd6 14. Ne5 Nfe4 15. Nxe4
Nxe4 16. f3 Ng5 17. Qd2 Ne6 18. Bg3 f6 19. Nd3 Nxd4 20. Nf4 f5 21. e3 Ne6 22.
Ne2 Ng5 23. Kh1 Qe7 24. Bf4 Nf7 25. gxf5 g5 26. Bh2 Qxe3 27. Ng3 Qxd2 28. Rxd2
Nh6 29. Rad1 Nxf5 30. Nxf5 Bxf5 31. Bf1 Re3 32. Kg2 Re6 33. Bg1 Rh6 34. Kh2 Be5+ 0-1

[Event "64th ch-RUS HL w 2014"]
[Site "Vladivostok RUS"]
[Date "2014.06.12"]
[Round "8.1"]
[White "Tomnikova,L"]
[Black "Girya,O"]
[Result "0-1"]
[WhiteElo "2172"]
[BlackElo "2479"]
[EventDate "2014.06.04"]

1. e4 c5 2. Nf3 e6 3. d4 cxd4 4. Nxd4 Nc6 5. Nc3 Qc7 6. g3 a6 7. Bg2 Nf6 8. O-O
h5 9. Re1 Nxd4 10. Qxd4 Bc5 11. Qd1 Ng4 12. Rf1 d6 13. h3 Ne5 14. Qe2 b5 15. Be3
Bd7 16. Bxc5 Qxc5 17. a3 Rc8 18. Rfc1 h4 19. g4 Rh6 20. Nd1 Rf6 21. Qe3 Bc6 22.
g5 Qxe3 23. Nxe3 Nf3+ 24. Bxf3 Rxf3 25. Rd1 Bxe4 26. Rxd6 Rxh3 27. Ng2 Rc5 28.
Rd4 Bf3 29. Rxh4 Bxg2 0-1

[Event "64th ch-RUS HL w 2014"]
[Site "Vladivostok RUS"]
[Date "2014.06.12"]
[Round "8.2"]
[White "Guseva,Marina"]
[Black "Kashlinskaya,A"]
[Result "0-1"]
[WhiteElo "2367"]
[BlackElo "2419"]
[EventDate "2014.06.04"]

1. d4 d5 2. c4 c6 3. Nc3 Nf6 4. e3 Bf5 5. cxd5 cxd5 6. Qb3 Nc6 7. Qxb7 Bd7 8.
Qb3 Rb8 9. Qd1 e5 10. dxe5 Nxe5 11. Be2 Bd6 12. Nf3 Nxf3+ 13. Bxf3 Qc7 14. h3
O-O 15. O-O Rfd8 16. Qd3 Bh2+ 17. Kh1 Be5 18. Kg1 Bh2+ 19. Kh1 Be5 20. Bd1 Rb6
21. a4 Bxc3 22. bxc3 Ne4 23. h4 Rh6 24. h5 Bc8 25. Qc2 Ba6 26. Re1 Bd3 27. Qb3
Nxf2+ 28. Kg1 Qg3 0-1

[Event "64th ch-RUS HL w 2014"]
[Site "Vladivostok RUS"]
[Date "2014.06.12"]
[Round "8.3"]
[White "Gritsayeva,O"]
[Black "Goryachkina,A"]
[Result "1/2-1/2"]
[WhiteElo "2340"]
[BlackElo "2432"]
[EventDate "2014.06.04"]

1. e4 c5 2. Nf3 d6 3. Bb5+ Bd7 4. Bxd7+ Qxd7 5. O-O e6 6. c4 Nf6 7. Nc3 Be7 8.
d4 cxd4 9. Nxd4 O-O 10. b3 Nc6 11. Bb2 Rfd8 12. Re1 Rac8 13. Rc1 a6 14. Nxc6
Qxc6 15. Qd2 h6 16. h3 Qe8 17. Qd4 Rb8 18. Red1 b5 19. cxb5 axb5 20. e5 b4 21.
exf6 Bxf6 22. Qg4 bxc3 23. Bxc3 Bxc3 24. Rxc3 d5 25. Rg3 Qf8 26. Qh5 Kh8 27. Rd4
f6 28. Rdg4 Rb7 29. Rg6 d4 30. Qe2 e5 31. Qe4 Re7 32. Rf3 Qe8 33. Rgg3 Qd7 34.
Qh4 Rf8 35. Rd3 e4 36. Rd1 d3 37. Re3 f5 38. Rdxd3 Qe8 39. Rc3 f4 40. Re1 Re6
41. Rc4 Re5 42. Rc7 Qg6 43. Re7 Rg5 44. R7xe4 Rxg2+ 45. Kh1 Rg1+ 46. Rxg1 Qxe4+
47. Kh2 Qe2 48. a4 Kh7 49. a5 Rf5 50. b4 h5 51. Rg2 Qe4 52. Rg5 Rxg5 53. Qxg5
Qxb4 54. Qxh5+ Kg8 55. Qd5+ Kh7 56. Kg2 Qa3 57. Qf5+ Kh8 58. Qb5 f3+ 59. Kg3
Qd6+ 60. Kxf3 Qf6+ 61. Kg3 Qg6+ 62. Kh2 Qd6+ 63. Kg1 Qg6+ 64. Kf1 Qe4 65. Kg1
Qg6+ 66. Kh2 Qd6+ 67. Kg2 Qg6+ 68. Kf3 Qf6+ 69. Kg3 Qg6+ 70. Kf4 Qh6+ 71. Kg4
Qg6+ 72. Qg5 Qe4+ 73. Kg3 Qd3+ 74. Kg2 Qe4+ 75. Kh2 Qe2 76. Qf5 Qc4 77. Qe5 Qf1
78. Qh5+ Kg8 79. Qd5+ Kh8 80. Qc5 Kh7 81. Qb6 Qc1 82. Qb4 Qf1 83. Qe4+ Kh8 84.
Qf5 Qc4 85. f3 Qf1 86. Kg3 Qg1+ 87. Kh4 Qd4+ 88. Kh5 Qd6 89. Kg4 Qd4+ 90. f4
Qd1+ 91. Kg3 Qe1+ 92. Kf3 Qf1+ 93. Ke3 Qe1+ 94. Kf3 Qf1+ 95. Ke4 Qe1+ 96. Kd4
Qb4+ 97. Ke3 Qe1+ 98. Kf3 1/2-1/2

[Event "64th ch-RUS HL w 2014"]
[Site "Vladivostok RUS"]
[Date "2014.06.12"]
[Round "8.4"]
[White "Kovalevskaya,E"]
[Black "Charochkina,D"]
[Result "1-0"]
[WhiteElo "2427"]
[BlackElo "2377"]
[EventDate "2014.06.04"]

1. c4 e5 2. g3 Nf6 3. Bg2 d5 4. cxd5 Nxd5 5. Nf3 Nc6 6. O-O Nb6 7. b3 Be7 8. Bb2
f6 9. d4 e4 10. Ne1 f5 11. Nc2 Be6 12. Nc3 Bf6 13. e3 a5 14. f3 exf3 15. Qxf3
O-O 16. Ba3 Re8 17. Rad1 a4 18. b4 Nc4 19. Bc1 Be7 20. Qe2 Bf7 21. Rxf5 Nd6 22.
Rf2 Bc4 23. Qg4 Nf7 24. b5 Nb4 25. Nxb4 Bxb4 26. Ne4 Re6 27. d5 Rg6 28. Qf4 Qe7
29. a3 Ba5 30. Bb2 Bxb5 31. h4 Rf8 32. h5 Ra6 33. Bh3 Nd8 34. Qxf8+ Qxf8 35.
Rxf8+ Kxf8 36. Bf1 Rb6 37. Bd4 Be8 38. Bc5+ Kg8 39. Bxb6 Bxb6 40. Kf2 Bxh5 41.
Rc1 Nf7 42. Be2 Ne5 43. d6 Bxe2 44. Kxe2 cxd6 45. Nxd6 Kf8 46. Nxb7 1-0

[Event "64th ch-RUS HL w 2014"]
[Site "Vladivostok RUS"]
[Date "2014.06.12"]
[Round "8.5"]
[White "Kovanova,B"]
[Black "Pustovoitova,D"]
[Result "1/2-1/2"]
[WhiteElo "2406"]
[BlackElo "2336"]
[EventDate "2014.06.04"]

1. e4 c5 2. Nf3 d6 3. d4 cxd4 4. Nxd4 Nf6 5. Nc3 a6 6. h3 e6 7. g4 d5 8. exd5
Nxd5 9. Nde2 Bb4 10. Bg2 O-O 11. O-O Nxc3 12. Nxc3 Qc7 13. Qf3 Nc6 14. Bf4 Qa5
15. Ne2 e5 16. Be3 Be6 17. Ng3 Rfd8 18. c3 Be7 19. Qe2 Rac8 20. Ne4 b5 21. b3
Nb8 22. Rfc1 Nd7 23. Qc2 Qa3 24. Rd1 Nf8 25. Ng5 h6 26. Nxe6 Nxe6 27. Qf5 Rxc3
28. Be4 Rxd1+ 29. Rxd1 Nf8 30. Bd5 Bf6 31. Bxh6 Qxa2 32. Be3 Qe2 33. Bf3 Qc2 34.
Qxc2 Rxc2 35. g5 Be7 36. Ra1 Rc3 37. Bd5 Bc5 38. Rxa6 Bxe3 39. fxe3 Rxe3 40. Ra7
Ne6 41. Bxe6 fxe6 42. Kg2 Kh7 43. b4 Re4 44. Kg3 Kg6 45. h4 Rxb4 46. Re7 Rc4 47.
Rxe6+ Kf5 48. Re7 Rc3+ 49. Kf2 g6 50. Rb7 Rh3 51. Rf7+ Ke4 52. Rf6 Rxh4 53. Rxg6
b4 54. Rb6 Kd3 55. Kg3 Rd4 56. g6 Kc3 57. g7 Rd8 58. Kf3 b3 59. Rc6+ Kb2 60. Ke4
Re8 61. Rg6 Rg8 62. Kxe5 Kc2 63. Rg2+ Kc1 64. Ke4 1/2-1/2

[Event "64th ch-RUS HL w 2014"]
[Site "Vladivostok RUS"]
[Date "2014.06.12"]
[Round "8.6"]
[White "Zaiatz,E"]
[Black "Ovod,E"]
[Result "1-0"]
[WhiteElo "2408"]
[BlackElo "2342"]
[EventDate "2014.06.04"]

1. d4 d5 2. c4 c6 3. Nf3 Nf6 4. Nc3 dxc4 5. a4 e6 6. e3 c5 7. Bxc4 Nc6 8. O-O
cxd4 9. exd4 Be7 10. Re1 O-O 11. Bg5 h6 12. Bh4 Bd7 13. Rc1 Nb4 14. Ne5 Bc6 15.
Nxf7 Kxf7 16. Bxf6 Bxf6 17. Bxe6+ Kg6 18. d5 Bg5 19. dxc6 Bxc1 20. Qg4+ Kh7 21.
cxb7 Rb8 22. Rxc1 Qb6 23. Ne4 Rxb7 24. Ng5+ Kg6 25. Nf3+ Kh7 26. a5 Qb5 27. Qe4+
g6 28. Ne5 Rf6 29. Bc4 Rc7 30. Bxb5 Rxc1+ 31. Bf1 Nc6 32. Nd3 Ra1 33. b4 Ra4 34.
h4 h5 35. Qe8 a6 36. Ne5 Rxb4 37. Nxc6 Rbf4 38. Ne7 1-0

[Event "64th ch-RUS HL w 2014"]
[Site "Vladivostok RUS"]
[Date "2014.06.12"]
[Round "8.7"]
[White "Nasybullina,Alfia"]
[Black "Dogodkina,J"]
[Result "0-1"]
[WhiteElo "2095"]
[BlackElo "2183"]
[EventDate "2014.06.04"]

1. d4 g6 2. e4 Bg7 3. Nf3 d6 4. Bd3 Nd7 5. O-O e5 6. c3 Nb6 7. Bg5 Ne7 8. h3 h6
9. Bh4 O-O 10. Re1 Qe8 11. Bg3 f6 12. Nbd2 Be6 13. Rc1 Rd8 14. Qe2 Kh8 15. Nb3
g5 16. c4 g4 17. Nh4 gxh3 18. d5 Bc8 19. Qf3 Na4 20. Bb1 Nxb2 21. gxh3 Bxh3 22.
Kh2 Bd7 23. Rh1 Na4 24. Kg2 Nb6 25. Nf5 Bxf5 26. exf5 Ng8 27. Rh4 Rf7 28. Rch1
Nd7 29. Qe3 a6 30. f3 Nf8 31. Bf2 Nh7 32. Qc1 c5 33. Be3 b5 34. Nd2 bxc4 35. Ne4
Qd7 36. Ng3 Rb8 37. Rxc4 Qb7 38. Qd1 Qb2+ 39. Ne2 Rfb7 40. Rc1 Qa3 41. Kf2 Rb2
42. Rh4 R8b4 43. Qh1 Rxh4 44. Qxh4 Ng5 45. Qh5 Qb4 46. Bd3 Qa3 47. Bb1 Qa4 48.
f4 exf4 0-1

[Event "64th ch-RUS HL w 2014"]
[Site "Vladivostok RUS"]
[Date "2014.06.12"]
[Round "8.8"]
[White "Ambartsumova,K"]
[Black "Bodnaruk,A"]
[Result "0-1"]
[WhiteElo "2331"]
[BlackElo "2434"]
[EventDate "2014.06.04"]

1. d4 Nf6 2. c4 g6 3. g3 Bg7 4. Bg2 O-O 5. Nc3 d6 6. Nf3 Nc6 7. O-O a6 8. b3 Rb8
9. Bb2 b5 10. cxb5 axb5 11. Rc1 b4 12. Na4 Na7 13. d5 e5 14. dxe6 fxe6 15. Qc2
Nb5 16. Qc4 c5 17. e4 Na3 18. Bxa3 bxa3 19. e5 Rb4 20. Qc2 Ne4 21. exd6 Qxd6 22.
Rcd1 Qc7 23. Nd2 Nxd2 24. Rxd2 c4 25. bxc4 Qa5 26. Bc6 Ba6 27. Bd7 Bxc4 28. Rfd1
Bd5 29. h4 Qa7 30. Rxd5 exd5 31. Rxd5 Bd4 32. Nc5 Rxf2 33. Be6+ Kh8 34. Rd8+
Rf8+ 35. Rxd4 Rxd4 36. Qc3 Qg7 0-1

[Event "64th ch-RUS HL w 2014"]
[Site "Vladivostok RUS"]
[Date "2014.06.12"]
[Round "8.9"]
[White "Savina,A"]
[Black "Schepetkova,M"]
[Result "1/2-1/2"]
[WhiteElo "2397"]
[BlackElo "2294"]
[EventDate "2014.06.04"]

1. d4 d5 2. c4 c6 3. Nc3 Nf6 4. e3 a6 5. Nf3 b5 6. c5 g6 7. Ne5 Bg7 8. Be2 O-O
9. f4 Nfd7 10. Nd3 Nf6 11. Bf3 Bf5 12. g4 Bxd3 13. Qxd3 e5 14. fxe5 Nxg4 15. h4
f5 16. Bd2 Nd7 17. Bxg4 fxg4 18. O-O-O Rf3 19. h5 Nf8 20. h6 Bh8 21. Rdg1 Qd7
22. Rh4 Qf5 23. Kc2 Ne6 24. Rhxg4 Rf8 25. Qxf5 R8xf5 26. Ne2 Rh3 27. Nf4 Nxf4
28. Rxf4 Rxf4 29. exf4 Kf7 30. Re1 Rh2 31. b4 Rxh6 32. f5 Rh5 33. f6 Ke6 34. Rf1
Rf5 35. Rxf5 Kxf5 36. Bh6 Bxf6 37. exf6 Kxf6 38. Kd3 g5 39. Ke3 Kg6 40. Bf8 h5
41. Kf3 Kf5 42. Be7 Kg6 43. Bd8 Kf5 1/2-1/2

[Event "64th ch-RUS HL w 2014"]
[Site "Vladivostok RUS"]
[Date "2014.06.12"]
[Round "8.10"]
[White "Travkina,A"]
[Black "Vasilevich,I"]
[Result "0-1"]
[WhiteElo "2191"]
[BlackElo "2338"]
[EventDate "2014.06.04"]

1. e4 e6 2. d4 d5 3. Nc3 Nf6 4. Bg5 dxe4 5. Nxe4 Be7 6. Bxf6 Bxf6 7. Nf3 O-O 8.
Bc4 Nd7 9. O-O a6 10. a4 Nb6 11. Bb3 a5 12. c3 Bd7 13. Qd3 g6 14. Nxf6+ Qxf6 15.
Ne5 Rad8 16. Qe4 Bc8 17. Rad1 Nd5 18. Rd3 Qg7 19. f4 b6 20. Rg3 Ba6 21. Rf2 c5
22. f5 exf5 23. Rxf5 Bb7 24. Qh4 Rde8 25. h3 cxd4 26. cxd4 Kh8 27. Nd7 Ne3 28.
Rh5 Nxg2 29. Rxg2 Bxg2 30. Rh6 g5 31. Qh5 Qxd4+ 32. Kxg2 Qd2+ 33. Kg3 Re3+ 34.
Kg4 f5+ 35. Kxg5 Re4# 0-1

[Event "64th ch-RUS HL w 2014"]
[Site "Vladivostok RUS"]
[Date "2014.06.12"]
[Round "8.11"]
[White "Shaydullina,S"]
[Black "Khlichkova,T"]
[Result "1-0"]
[WhiteElo "2135"]
[BlackElo "2249"]
[EventDate "2014.06.04"]

1. Nf3 f5 2. d3 Nc6 3. e4 e5 4. g3 Nf6 5. Nbd2 Bc5 6. Bg2 O-O 7. O-O d6 8. c3
Qe8 9. b4 Bb6 10. Nc4 fxe4 11. dxe4 Be6 12. Nxb6 axb6 13. Qe2 Qh5 14. Re1 Bg4
15. Qc4+ Kh8 16. Nd2 Rae8 17. b5 Be6 18. Qe2 Qxe2 19. Rxe2 Na5 20. Re1 Nd7 21.
Bf1 Rf7 22. c4 Ref8 23. f3 Nc5 24. Ba3 Bc8 25. Bxc5 bxc5 26. Be2 Be6 27. Rec1 c6
28. b6 Ra8 29. Rc3 Kg8 30. Rac1 Rff8 31. Ra3 Ra6 32. Rb1 Rfa8 33. f4 exf4 34.
gxf4 Kf8 35. f5 Bf7 36. Rh3 Bg8 37. Kf2 Ke7 38. Rg3 Kf6 39. Rbg1 Rxb6 40. Rxg7
Rb2 41. e5+ dxe5 42. Ne4+ Kxf5 43. R7g5+ Ke6 44. Nxc5+ Kd6 45. Ne4+ Ke6 46. Rxg8
Rxg8 47. Rxg8 Nxc4 48. Kf3 Nd6 49. Nxd6 Kxd6 50. a4 Ra2 51. Ra8 b5 52. a5 Kc5
53. h4 h5 54. Bd3 Ra4 55. Be4 Ra3+ 56. Ke2 Ra4 57. Ke3 Ra3+ 58. Bd3 Ra4 59. Re8
Kd6 60. Ra8 Kc5 61. Bf5 Rxh4 62. a6 Ra4 63. Bc8 h4 64. Bb7 Kb6 65. Re8 h3 66.
Re6 Rc4 67. Rh6 b4 68. Kd2 b3 69. Rxh3 Rb4 70. Kc1 b2+ 71. Kb1 e4 72. Rh6 e3 73.
Rxc6+ Ka7 74. Rc3 Rh4 75. Rxe3 Rh2 76. Rb3 Rf2 77. Rxb2 Rf7 78. Ka2 Rg7 79. Ka3
Re7 80. Kb4 Rg7 81. Rc2 Rf7 82. Kb5 Rd7 83. Bc8 Rg7 84. Rc5 Rg6 85. Rc7+ Ka8 86.
Bb7+ Ka7 87. Be4+ Kb8 88. Rb7+ Ka8 89. Rg7+ 1-0

[Event "64th ch-RUS HL w 2014"]
[Site "Vladivostok RUS"]
[Date "2014.06.12"]
[Round "8.12"]
[White "Dordzhieva,D"]
[Black "Matveeva,O"]
[Result "1-0"]
[WhiteElo "2237"]
[BlackElo "2223"]
[EventDate "2014.06.04"]

1. d4 Nf6 2. Nf3 d5 3. c4 e6 4. e3 dxc4 5. Bxc4 c5 6. O-O cxd4 7. exd4 Be7 8.
Nc3 O-O 9. Bf4 Nc6 10. a3 a6 11. d5 exd5 12. Nxd5 Nxd5 13. Bxd5 Bf6 14. Qb3 Nd4
15. Nxd4 Bxd4 16. Rad1 Qf6 17. Bd6 Rd8 18. Bc7 Rf8 19. Rd2 Bf5 20. Bxb7 Ra7 21.
Rfd1 Qe7 22. Qg3 Re8 23. h3 Rxb7 24. Bd6 Qe6 25. Rxd4 Rxb2 26. Be5 f6 27. Rd7
Qxd7 28. Rxd7 Rb1+ 29. Kh2 Bxd7 30. Bxf6 g6 31. Qd3 Bf5 32. Qxa6 Be6 33. Qc6 Bf7
34. Bd4 Re6 35. Qc3 Ree1 36. Qc8+ Re8 37. Qc6 Re6 38. Qc2 Ree1 39. Qc8+ Re8 40.
Qa6 Re6 41. Qa8+ Re8 42. Qf3 Re6 43. a4 Rb4 44. Qc3 Rxa4 45. Bh8 Kf8 46. Bg7+
Ke7 47. Qc7+ Ke8 48. Qc8+ Ke7 49. Qf8+ 1-0